000 00413nam a2200169Ia 4500
008 230524s9999 xx 000 0 und d
020 _a9788171947904
082 _a1.42
_bISL
100 _aSwabera Islam
245 0 _aBusiness Environment
260 _aNEW DELHI
_bTaxmann
_c2010
300 _a480
500 _aQuantity Number: 5
650 _aManagement
700 _a Evakorlang Kharkongor
942 _cBK
999 _c49210
_d49210